Tradičné vs. moderné nástroje komunikačného mixu

Marketing zohráva jednu z kľúčových úloh pre podnikanie. Napomáha udržať si zákazníkov a zároveň získavať zákazníkov nových. Dôležitú úlohu v tejto činnosti zohráva práve komunikačný mix, ktorý zabezpečuje podávanie informácií a oslovovanie súčasných i potenciálnych zákazníkov. Tradičné nástroje kom...

ver descrição completa

Na minha lista:
Detalhes bibliográficos
Autor principal: Masárová, Gabriela
Formato: Capítulo de Livro
Idioma:eslovaco
Assuntos:
Tags: Adicionar Tag
Sem tags, seja o primeiro a adicionar uma tag!

MARC

LEADER 00000nla a2200000 4500
001 0198040
005 20240417075053.6
041 0 |a slo 
044 |a SK 
245 1 0 |a Tradičné vs. moderné nástroje komunikačného mixu  |c Gabriela Masárová 
520 |a Marketing zohráva jednu z kľúčových úloh pre podnikanie. Napomáha udržať si zákazníkov a zároveň získavať zákazníkov nových. Dôležitú úlohu v tejto činnosti zohráva práve komunikačný mix, ktorý zabezpečuje podávanie informácií a oslovovanie súčasných i potenciálnych zákazníkov. Tradičné nástroje komunikačného mixu sú najčastejšie používané prvky. Problémom je, že ich účinnosť v dnešnej dobe klesá, a preto sa stávajú pre podniky čím ďalej, tým menej efektívnymi. Nástroje komunikačného mixu, ktoré sú v súčasnosti v podnikoch využívané a zároveň, ako by podniky reagovali na možnosti využívanie moderných nástrojov komunikačného mixu. 
610 2 0 |a marketing 
610 2 0 |a marketing mix 
610 2 0 |a nástroje marketingové 
610 2 0 |a komunikácia marketingová 
100 1 |a Masárová, Gabriela